Encyclopedia of paleoclimatology and ancient environments (Record no. 29922)

MARC details
000 -LEADER
fixed length control field 01007nam a2200325Ia 4500
003 - CONTROL NUMBER IDENTIFIER
control field OSt
005 - DATE AND TIME OF LATEST TRANSACTION
control field 20220912145348.0
008 - FIXED-LENGTH DATA ELEMENTS--GENERAL INFORMATION
fixed length control field 220909b |||||||| |||| 00| 0 eng d
020 ## - INTERNATIONAL STANDARD BOOK NUMBER
International Standard Book Number 9781402045516 (hbd)
037 ## - SOURCE OF ACQUISITION
Terms of availability REF
040 ## - CATALOGING SOURCE
Original cataloging agency CSL
Language of cataloging eng
Transcribing agency CSL
041 ## - LANGUAGE CODE
Language code of text/sound track or separate title eng
100 ## - MAIN ENTRY--PERSONAL NAME
Personal name Gornitz Vivien Ed.
245 #0 - TITLE STATEMENT
Title Encyclopedia of paleoclimatology and ancient environments
260 ## - PUBLICATION, DISTRIBUTION, ETC.
Place of publication, distribution, etc. Berlin
Name of publisher, distributor, etc. Springer
Date of publication, distribution, etc. 2009
300 ## - PHYSICAL DESCRIPTION
Extent xxiv, 1047p.
Dimensions cm.
490 ## - SERIES STATEMENT
Series statement Encyclopedia of earth sciences series
500 ## - GENERAL NOTE
General note ''Includes bibliographical references''.; ''Index 999-1047p''.
650 ## - SUBJECT ADDED ENTRY--TOPICAL TERM
Topical term or geographic name entry element Alkenones
650 ## - SUBJECT ADDED ENTRY--TOPICAL TERM
Topical term or geographic name entry element Antartic cold reversal
650 ## - SUBJECT ADDED ENTRY--TOPICAL TERM
Topical term or geographic name entry element Beachrock
650 ## - SUBJECT ADDED ENTRY--TOPICAL TERM
Topical term or geographic name entry element Geology
942 ## - ADDED ENTRY ELEMENTS (KOHA)
Classification part H:(G:55)k, P9 Carg
Koha item type Reference
Source of classification or shelving scheme Colon Classification (CC)
Holdings
Withdrawn status Lost status Damaged status Not for loan Home library Current library Date acquired Source of acquisition Total Checkouts Full call number Barcode Date last seen Price effective from Koha item type
        Central Science Library Central Science Library 2022-09-12 1667, 01/03/2007, The Book Seller   H:(G:55)k P9 Carg SL0000G00058 2022-09-12 2022-09-12 Reference
Copyright @ Delhi University Library System